[Event "Challenge"]
[Site "http://www.queenalice.com/game.php?id=1172474"]
[Date "2013.4.17"]
[Round "-"]
[White "Lapluma"]
[Black "tallos"]
[Result "1/2-1/2"]
[WhiteElo "2173"]
[BlackElo "2248"]

1. c4 Nf6 2. Nf3 g6 3. Nc3 Bg7 4. g3 O-O 5. Bg2 d6 6. O-O e5 7. d3 a6 8. Bg5 h6
9. Bd2 c6 10. Qc1 Kh7 11. Qc2 Qe7 12. b4 Bg4 13. e4 Nbd7 14. a4 a5 15. bxa5 Nc5
16. Ne2 Nfd7 17. h3 Be6 18. Rab1 f5 19. Nh4 fxe4 20. dxe4 Qf7 21. Rbc1 g5 22. f4
gxh4 23. f5 Qe7 24. fxe6 Qxe6 25. Kh2 Qe7 26. g4 Rxf1 1/2-1/2

[Event "Challenge"]
[Site "http://www.queenalice.com/game.php?id=1172485"]
[Date "2013.4.17"]
[Round "-"]
[White "tallos"]
[Black "PhilBFrance"]
[Result "0-1"]
[WhiteElo "2111"]
[BlackElo "2457"]

1. e4 e5 2. Nf3 Nf6 3. Nc3 Nc6 4. g3 Bc5 5. Bg2 d6 6. O-O a6 7. d3 h6 8. Be3
Bxe3 9. fxe3 O-O 10. h3 Nh5 11. Kh2 Bd7 12. Qe2 a5 13. a3 Ra6 14. Rad1 a4 15. d4
Ra5 16. Nd5 exd4 17. exd4 Nf6 18. c4 Nxd5 19. exd5 Ne7 20. Qd2 Ra6 21. Rde1 b5
22. c5 Nxd5 23. Nh4 Nf6 24. Bb7 Ra7 25. Bg2 d5 26. c6 Bxc6 27. Nf5 Re8 28. Nxh6+
gxh6 29. Qxh6 Rxe1 30. Qg5+ Kf8 0-1

[Event "Challenge"]
[Site "http://www.queenalice.com/game.php?id=1172486"]
[Date "2013.4.17"]
[Round "-"]
[White "PhilBFrance"]
[Black "tallos"]
[Result "1-0"]
[WhiteElo "2453"]
[BlackElo "2246"]

1. e4 g6 2. Nc3 Bg7 3. Nf3 c6 4. d4 d5 5. e5 f6 6. Bf4 Nh6 7. Qd2 Nf7 8. exf6
exf6 9. Qe2+ Qe7 10. Qxe7+ Kxe7 11. O-O-O Re8 12. Bd3 Kf8 13. Rhe1 Be6 14. h3
Nd7 15. Re3 Re7 16. Rde1 Rae8 17. g4 f5 18. gxf5 Bxf5 19. Bxf5 gxf5 20. Ne2 Rxe3
21. fxe3 1-0

[Event "AUTO-MASTER-1856"]
[Site "http://www.queenalice.com/game.php?id=1172799"]
[Date "2013.4.18"]
[Round "1"]
[White "NatanEstivallet"]
[Black "tallos"]
[Result "0-1"]
[WhiteElo "1765"]
[BlackElo "2010"]

1. e4 g6 2. d4 Bg7 3. Nf3 c6 4. Nc3 d5 5. Be3 Bg4 6. Be2 dxe4 7. Nd2 Bxe2 8.
Nxe2 Nf6 9. Ng3 O-O 10. Ndxe4 Nbd7 0-1

[Event "AUTO-MASTER-1856"]
[Site "http://www.queenalice.com/game.php?id=1172800"]
[Date "2013.4.18"]
[Round "1"]
[White "tallos"]
[Black "NatanEstivallet"]
[Result "1-0"]
[WhiteElo "2016"]
[BlackElo "1759"]

1. e4 c5 2. Nc3 Nc6 3. f4 g6 4. Nf3 Bg7 5. Bb5 Nf6 6. O-O O-O 7. Bxc6 bxc6 8. d3
Ba6 9. Qe1 Rb8 10. b3 Qb6 11. Na4 Qb5 12. c4 1-0

[Event "AUTO-MASTER-1856"]
[Site "http://www.queenalice.com/game.php?id=1172811"]
[Date "2013.4.18"]
[Round "1"]
[White "Try_Me"]
[Black "tallos"]
[Result "1-0"]
[WhiteElo "2002"]
[BlackElo "2022"]

1. d4 g6 2. c4 Nf6 3. Nc3 Bg7 4. e4 d6 5. Be2 O-O 6. Nf3 Na6 7. O-O e5 8. Re1 c6
9. Bf1 exd4 10. Nxd4 Ng4 11. Nf3 Nc5 12. Bf4 Ne5 13. Nxe5 dxe5 14. Be3 Ne6 15.
b4 Nd4 16. Rb1 Be6 17. Rb2 Qe7 18. Qc1 Rfd8 19. Na4 b6 20. Bg5 Bf6 21. Be3 Bg7
22. h3 Rac8 23. Nc3 1-0

[Event "AUTO-MASTER-1856"]
[Site "http://www.queenalice.com/game.php?id=1172812"]
[Date "2013.4.18"]
[Round "1"]
[White "tallos"]
[Black "Try_Me"]
[Result "1-0"]
[WhiteElo "2236"]
[BlackElo "2029"]

1. e4 c5 2. Nc3 a6 3. f4 g6 4. Nf3 Bg7 5. Bc4 e6 6. a4 Nc6 7. d3 Qc7 8. O-O Nge7
9. f5 d5 10. exd5 Na5 11. dxe6 f6 12. Nd5 Qd6 13. Bf4 Qc6 14. Nc7+ Kf8 15. Nxa8
g5 16. Nxg5 Nd5 17. Bxd5 Qxd5 18. Qh5 fxg5 19. Qf7# 1-0

[Event "AUTO-ELITE-1143"]
[Site "http://www.queenalice.com/game.php?id=1173070"]
[Date "2013.4.18"]
[Round "1"]
[White "krodo"]
[Black "tallos"]
[Result "1-0"]
[WhiteElo "2454"]
[BlackElo "2244"]

1. d4 g6 2. e4 Bg7 3. Nf3 c6 4. Bd3 d5 5. e5 Nh6 6. O-O O-O 7. h3 f6 8. exf6
exf6 9. c4 Nf7 10. Bf4 Be6 11. Re1 Qd7 12. cxd5 cxd5 13. Nc3 Nc6 14. Na4 b6 15.
Rc1 1-0

[Event "AUTO-ELITE-1143"]
[Site "http://www.queenalice.com/game.php?id=1173071"]
[Date "2013.4.18"]
[Round "1"]
[White "tallos"]
[Black "krodo"]
[Result "0-1"]
[WhiteElo "2185"]
[BlackElo "2461"]

1. e4 c5 2. Nc3 Nc6 3. f4 e6 4. Nf3 d5 5. Bb5 d4 6. Bxc6+ bxc6 7. Ne2 Nf6 8. d3
Be7 9. O-O O-O 10. b3 Qc7 11. Qe1 Ba6 12. Bd2 Rac8 13. h3 Rce8 14. g4 Nd7 15.
Ng3 f6 16. h4 Bd6 17. Ne2 Bc8 18. h5 Qb6 19. Kg2 Qc7 20. h6 g6 21. Qg3 Bb7 22.
Qh3 a5 23. f5 exf5 24. gxf5 Bc8 25. fxg6 Ne5 0-1

[Event "AUTO-ELITE-1143"]
[Site "http://www.queenalice.com/game.php?id=1173074"]
[Date "2013.4.18"]
[Round "1"]
[White "popcorn"]
[Black "tallos"]
[Result "1-0"]
[WhiteElo "2230"]
[BlackElo "2061"]

1. d4 g6 2. c4 Nf6 3. Nc3 Bg7 4. e4 d6 5. f3 O-O 6. Be3 a6 7. Nge2 Nbd7 8. Qd2
c5 9. d5 Ne5 10. Nc1 e6 11. Be2 exd5 12. exd5 Bd7 13. O-O 1-0

[Event "AUTO-ELITE-1143"]
[Site "http://www.queenalice.com/game.php?id=1173075"]
[Date "2013.4.18"]
[Round "1"]
[White "tallos"]
[Black "popcorn"]
[Result "0-1"]
[WhiteElo "1985"]
[BlackElo "2237"]

1. e4 e5 2. Nf3 Nc6 3. Bc4 Bc5 4. c3 Nf6 5. d3 d6 6. Nbd2 a6 7. Bb3 Ba7 8. O-O
h6 9. Re1 O-O 10. h3 Na5 11. Bc2 c5 12. Nf1 b5 0-1

[Event "AUTO-ELITE-1146"]
[Site "http://www.queenalice.com/game.php?id=1174737"]
[Date "2013.4.24"]
[Round "1"]
[White "tallos"]
[Black "arvo1938"]
[Result "0-1"]
[WhiteElo "2220"]
[BlackElo "2239"]

1. e4 c5 2. Nc3 e5 3. Bc4 d6 4. f4 Nc6 5. d3 Nf6 6. Nf3 Be7 7. O-O O-O 8. f5 Bd7
9. Bg5 Na5 10. Bxf6 Bxf6 11. Qd2 Bc6 12. Nd5 Bxd5 13. Bxd5 Nc6 14. c3 Qb6 15.
Kh1 h6 16. Qe2 Ne7 17. Bb3 a5 18. Rab1 a4 19. Bc4 Qc6 0-1

[Event "AUTO-ELITE-1146"]
[Site "http://www.queenalice.com/game.php?id=1174738"]
[Date "2013.4.24"]
[Round "1"]
[White "arvo1938"]
[Black "tallos"]
[Result "1-0"]
[WhiteElo "2250"]
[BlackElo "2209"]

1. d4 g6 2. c4 Nf6 3. Nc3 Bg7 4. e4 d6 5. Nf3 O-O 6. Be2 Na6 7. O-O e5 8. dxe5
dxe5 9. Be3 Ng4 10. Bg5 Qe8 11. Qb3 c6 12. Qa3 f6 13. Bc1 Nc7 14. h3 Nh6 15. Be3
Ne6 16. Rfe1 Nf7 17. Na4 Bd7 18. Nc5 Bc8 19. Nxe6 Qxe6 20. Bc5 1-0